000 00527nam a2200181Ia 4500
999 _c36900
_d36900
003 OSt
005 20201020104417.0
008 190216s9999||||xx |||||||||||||| ||und||
020 _a9780143030058
040 _coclc
082 _a155.282
_bCON/I
100 _aConway, Anne
_95958
245 0 _aInstant People-Reading Through Handwriting /
_cAnne Conway
260 _bPenguin Books ,
_c2008.
_aNew Delhi:
300 _a224p
650 _aReferences
942 _cREF
_2ddc
_h155.282
_iCON/I
_k155.282
_mCON/I